000 00541nam a22001337a 4500
040 _cNUST
082 _a200 THE
100 _aSyed Ali Raza Bukhari
_984261
110 _aSupervisor Dr. Muhammad Mubasher Saleem
_984262
245 _aTH-SOF-1859-Development Of Resonant And Non-Resonant MEMS Gyroscopes Using Commercial Foundry Process And Design Of Compensation Circuitry For Frequency Drift, Quadrature Error And Scale Factor Error
260 _aISLAMABAD:
_bNUST COLLEGE OF EME,
_c2021.
650 _aMS-MTS-19
_984263
942 _2ddc
_cTHE
999 _c586790
_d586790